000 00585nam a22001817a 4500
005 20251108170802.0
008 250721s2001 xx 000 0 ara d
082 1 4 _a347.5/غيث
100 1 _aغيث، عزت
245 1 0 _aقانون الإجراء رقم (31) لسنة 1952 :
_bقانون ذيا الإجراء رقم (25) لسنة 1965 /
264 1 _aعمان :
_bدار قنديل،
_c2001.
300 _a58ص
490 0 _aالتشريعات القضائية ؛11
650 1 7 _aالقانون المدني
650 1 7 _aالأردن
942 _2ddc
_cBK
999 _c48920
_d48920